Catálogo

Vista normal Vista MARC

Entrada Personal Name

Número de registros utilizados en: 1

001 - CONTROL NUMBER

  • control field: 17875

003 - CONTROL NUMBER IDENTIFIER

  • control field: DLC

005 - DATE AND TIME OF LATEST TRANSACTION

  • control field: 20260306155616.0

008 - FIXED-LENGTH DATA ELEMENTS

  • fixed length control field: 801017n| azannaabn |n aaa

010 ## - LIBRARY OF CONGRESS CONTROL NUMBER

  • LC control number: n 50051019

035 ## - SYSTEM CONTROL NUMBER

  • System control number: (OCoLC)oca00086034

040 ## - CATALOGING SOURCE

  • Original cataloging agency: DLC
  • Language of cataloging: spa
  • Description conventions: rda
  • Transcribing agency: Mx-PuUPA
  • Modifying agency: OCoLC
  • Modifying agency: IEN
  • Modifying agency: DNLM
  • Modifying agency: DLC
  • Modifying agency: Mx-PuUPA

046 ## - SPECIAL CODED DATES

  • Birth date: 19430704
  • Source of date scheme: edtf

100 1# - HEADING--PERSONAL NAME

  • Personal name: Rivera, Geraldo,
  • Dates associated with a name: 1943-

374 ## - OCCUPATION

  • Occupation: Abogado
  • Occupation: Locutor de televisión
  • Occupation: Reportero
  • Occupation: Presentador de un programa de entrevistas
  • Occupation: Autor

375 ## - GENDER

  • Gender: hombre

377 ## - ASSOCIATED LANGUAGE

  • Language code: eng

670 ## - SOURCE DATA FOUND

  • Source citation: His Willowbrook, 1972.

670 ## - SOURCE DATA FOUND

  • Source citation: Info. converted from 678, Oct. 2, 2012
  • Information found: (b. 1943; lawyer, television newsman)

670 ## - SOURCE DATA FOUND

  • Source citation: English Wikipedia website, viewed Jan. 9, 2018:
  • Information found: (Geraldo Rivera (born Gerald Michael Rivera, July 4, 1943) is an American attorney, reporter, author, and talk show host. He was the host of the talk show Geraldo from 1987 to 1998. Rivera hosted the newsmagazine program Geraldo at Large, hosts the occasional broadcast of Geraldo Rivera Reports (in lieu of hosting At Large), and appears regularly on Fox News programs such as The Five)